000 00585nam a2200229Ia 4500
003 OSt
005 20221006164920.0
006 a|||||r|||| 00| 0
007 ta
008 221006b |||||||| |||| 00| 0 eng d
024 _a3,135
037 _cTextual
040 _aFML
_cFML
_beng
041 _2eng
_aeng
082 _aT:3(NR), P4
100 _aSwroop Dinesh Au.
_9678668
245 0 _aMusic Education
260 _aNew Delhi
_bVishvabharti
_c2004
300 _a271
_ccm.
942 _hT:3(NR), P4
_cTEXL
_2CC
999 _c1118925
_d1118925